[Event "MP do lat 18 - dziewczeta"]
[Site "Sypniewo"]
[Date "2022.03.26"]
[Round "8.9"]
[White "Siekanska, Zuzanna"]
[Black "Lukasik, Zuzanna"]
[Result "1/2-1/2"]
[BlackElo "1786"]
[WhiteElo "1756"]
[LiveChessVersion "1.4.8"]

1. d4 {[%clk 1:29:35]} d5 {[%clk 1:30:24]} 2. c4 {[%clk 1:30:00]} e5
{[%clk 1:29:31]} 3. cxd5 {[%clk 1:27:32]} Qxd5 {[%clk 1:27:44]} 4. e3
{[%clk 1:21:43]} exd4 {[%clk 1:24:49]} 5. exd4 {[%clk 1:20:46]} Nc6
{[%clk 1:13:41]} 6. Be3 {[%clk 1:18:53]} Nf6 {[%clk 1:08:35]} 7. Nc3
{[%clk 1:18:00]} Bb4 {[%clk 1:05:46]} 8. a3 {[%clk 1:15:34]} Bxc3+
{[%clk 1:02:04]} 9. bxc3 {[%clk 1:15:50]} Bg4 {[%clk 0:49:41]} 10. Nf3
{[%clk 1:10:21]} O-O-O {[%clk 0:38:07]} 11. Be2 Ne4 {[%clk 0:32:43]} 12. Rc1
{[%clk 1:02:11]} Rhe8 {[%clk 0:27:28]} 13. O-O {[%clk 1:01:18]} Qa5
{[%clk 0:26:19]} 14. Qb3 {[%clk 0:57:48]} Nd2 15. Nxd2 {[%clk 0:55:48]} Bxe2
{[%clk 0:21:53]} 16. Rfe1 {[%clk 0:56:08]} Bh5 {[%clk 0:21:00]} 17. Nc4
{[%clk 0:53:02]} Qa6 {[%clk 0:18:16]} 18. Bf4 {[%clk 0:44:51]} Na5
{[%clk 0:11:22]} 19. Nxa5 {[%clk 0:44:51]} Qxa5 20. Rb1 {[%clk 0:43:11]} Qa6
{[%clk 0:07:17]} 21. h3 {[%clk 0:42:21]} Bg6 {[%clk 0:07:30]} 22. Rbc1
{[%clk 0:40:36]} Qc6 23. Rxe8 {[%clk 0:33:34]} Rxe8 {[%clk 0:06:35]} 24. d5
{[%clk 0:32:53]} Qb6 {[%clk 0:04:42]} 25. Qd1 {[%clk 0:31:36]} Qf6
{[%clk 0:02:18]} 26. Bg3 {[%clk 0:31:05]} Rd8 {[%clk 0:02:00]} 27. Qg4+
{[%clk 0:27:19]} Qf5 {[%clk 0:01:28]} 28. Qc4 {[%clk 0:26:40]} Qd7
{[%clk 0:01:44]} 29. Rd1 {[%clk 0:26:32]} f6 {[%clk 0:00:58]} 30. d6
{[%clk 0:25:04]} c6 {[%clk 0:00:46]} 31. Qa4 {[%clk 0:21:50]} Kb8
{[%clk 0:00:57]} 32. Bf4 {[%clk 0:19:57]} c5 {[%clk 0:00:58]} 33. Qc4
{[%clk 0:19:20]} b6 {[%clk 0:00:49]} 34. a4 {[%clk 0:18:40]} Bf7 {[%clk 0:00:34]}
35. Qe4 {[%clk 0:16:09]} Bg6 {[%clk 0:00:37]} 36. Qe7 {[%clk 0:15:22]} Kc8
{[%clk 0:00:50]} 37. Qe2 {[%clk 0:08:22]} Qxa4 {[%clk 0:00:38]} 38. Bg3
{[%clk 0:07:42]} Qc6 {[%clk 0:00:34]} 39. Ra1 {[%clk 0:07:05]} a5
{[%clk 0:00:35]} 40. Ra2 {[%clk 0:33:53]} Kb7 {[%clk 0:30:37]} 41. Rb2
{[%clk 0:30:11]} Be4 {[%clk 0:15:35]} 42. f3 {[%clk 0:30:09]} Bd5
{[%clk 0:14:59]} 43. Qd3 {[%clk 0:27:51]} g6 {[%clk 0:08:24]} 44. Qd2
{[%clk 0:27:05]} a4 {[%clk 0:06:10]} 45. Rb1 {[%clk 0:24:29]} a3 {[%clk 0:03:55]}
46. Qf4 {[%clk 0:22:48]} a2 {[%clk 0:03:23]} 47. Ra1 {[%clk 0:23:13]} Qb5
{[%clk 0:02:03]} 48. Qxf6 {[%clk 0:21:35]} Rd7 {[%clk 0:02:04]} 49. Qe5
{[%clk 0:16:59]} Bc6 {[%clk 0:00:59]} 50. Kh2 {[%clk 0:16:38]} Qb2
{[%clk 0:00:48]} 51. c4 {[%clk 0:15:41]} Qxe5 {[%clk 0:00:52]} 52. Bxe5
{[%clk 0:15:59]} Ba4 {[%clk 0:01:07]} 53. Rxa2 {[%clk 0:15:42]} Bb3
{[%clk 0:01:30]} 54. Rb2 {[%clk 0:15:43]} Bxc4 {[%clk 0:01:56]} 55. Kg3
{[%clk 0:14:47]} Kc6 {[%clk 0:02:08]} 56. Kf4 {[%clk 0:14:02]} Rf7+
{[%clk 0:01:43]} 57. Ke3 {[%clk 0:13:33]} b5 {[%clk 0:01:26]} 58. f4
{[%clk 0:12:39]} Ra7 {[%clk 0:00:58]} 59. Rc2 {[%clk 0:07:14]} Ra3+
{[%clk 0:00:54]} 60. Kf2 {[%clk 0:07:06]} Ra2 {[%clk 0:01:08]} 61. Rxa2
{[%clk 0:07:04]} Bxa2 {[%clk 0:01:33]} 62. Ke2 {[%clk 0:07:00]} Be6
{[%clk 0:01:09]} 63. Kd2 {[%clk 0:05:38]} Kd5 {[%clk 0:01:09]} 64. Kc3
{[%clk 0:03:11]} Ke4 {[%clk 0:01:25]} 65. Kd2 {[%clk 0:01:39]} b4
{[%clk 0:01:31]} 66. Kc2 {[%clk 0:01:38]} c4 {[%clk 0:01:04]} 67. d7
{[%clk 0:00:58]} Bxd7 {[%clk 0:01:23]} 68. Bd6 {[%clk 0:01:23]} Ba4+
{[%clk 0:01:34]} 69. Kc1 {[%clk 0:01:24]} c3 {[%clk 0:00:33]} 70. Bxb4
{[%clk 0:01:33]} Kxf4 {[%clk 0:00:46]} 71. Bxc3 {[%clk 0:01:27]} Kg3
{[%clk 0:00:56]} 72. Bf6 {[%clk 0:01:42]} Bc6 {[%clk 0:00:35]} 73. h4
{[%clk 0:01:47]} Bxg2 {[%clk 0:00:41]} 74. Kd2 {[%clk 0:01:55]} Be4
{[%clk 0:00:48]} 75. Ke3 {[%clk 0:02:07]} Bf5 {[%clk 0:00:58]} 76. Be7
{[%clk 0:02:08]} Kg4 {[%clk 0:01:10]} 77. Kf2 {[%clk 0:02:24]} h6
{[%clk 0:01:32]} 78. Kg2 {[%clk 0:02:45]} g5 {[%clk 0:01:32]} 79. hxg5
{[%clk 0:03:08]} h5 {[%clk 0:01:52]} 80. Kh2 {[%clk 0:03:26]} h4 {[%clk 0:02:11]}
81. g6 {[%clk 0:03:50]} Bxg6 {[%clk 0:02:33]} 82. Bxh4 {[%clk 0:04:15]} 1/2-1/2

[Event "MP do lat 18 - dziewczeta"]
[Site "Sypniewo"]
[Date "2022.03.26"]
[Round "8.10"]
[White "Sloniewska, Alicja"]
[Black "Bienko, Jagoda"]
[Result "1-0"]
[BlackElo "1551"]
[WhiteElo "1700"]
[LiveChessVersion "1.4.8"]

1. d4 {[%clk 1:30:55]} d5 {[%clk 1:30:53]} 2. c4 {[%clk 1:31:10]} dxc4
{[%clk 1:31:16]} 3. e4 {[%clk 1:31:19]} e5 {[%clk 1:31:36]} 4. Nf3
{[%clk 1:31:26]} exd4 {[%clk 1:31:56]} 5. Bxc4 {[%clk 1:31:14]} Nc6
{[%clk 1:32:16]} 6. Qb3 {[%clk 1:29:14]} Bb4+ {[%clk 1:32:31]} 7. Bd2
{[%clk 1:27:42]} Bxd2+ {[%clk 1:32:54]} 8. Nbxd2 {[%clk 1:28:02]} Qf6
{[%clk 1:33:08]} 9. O-O {[%clk 1:27:10]} Nge7 {[%clk 1:32:51]} 10. e5
{[%clk 1:22:35]} Qf5 {[%clk 1:27:46]} 11. Rfe1 {[%clk 1:19:00]} O-O
{[%clk 1:21:19]} 12. e6 {[%clk 1:15:17]} fxe6 {[%clk 1:21:14]} 13. Rxe6
{[%clk 1:12:25]} Kh8 {[%clk 1:19:20]} 14. Re2 {[%clk 1:05:06]} Na5
{[%clk 1:13:03]} 15. Qa3 {[%clk 0:59:06]} Nxc4 {[%clk 1:12:32]} 16. Nxc4
{[%clk 0:59:27]} Nc6 {[%clk 1:11:19]} 17. Rd1 {[%clk 0:57:31]} Be6
{[%clk 1:08:44]} 18. Nce5 {[%clk 0:56:03]} Rad8 {[%clk 0:53:34]} 19. Nxc6
{[%clk 0:53:45]} bxc6 {[%clk 0:54:00]} 20. h3 {[%clk 0:40:07]} d3
{[%clk 0:36:36]} 21. Red2 {[%clk 0:36:09]} Bc4 {[%clk 0:35:16]} 22. Qc3
{[%clk 0:34:20]} Bxa2 {[%clk 0:30:18]} 23. b3 {[%clk 0:31:47]} Bxb3
{[%clk 0:17:13]} 24. Qxb3 {[%clk 0:32:08]} Qb5 {[%clk 0:17:04]} 25. Qa3
{[%clk 0:30:52]} a5 {[%clk 0:12:10]} 26. Rxd3 {[%clk 0:31:07]} Rde8
{[%clk 0:12:13]} 27. Rd7 {[%clk 0:30:27]} Qb6 {[%clk 0:11:34]} 28. Qc3
{[%clk 0:30:09]} Rg8 {[%clk 0:11:28]} 29. Ng5 {[%clk 0:29:45]} h6
{[%clk 0:10:58]} 30. Nf7+ {[%clk 0:29:58]} Kh7 {[%clk 0:11:23]} 31. Qd3+
{[%clk 0:30:24]} g6 {[%clk 0:11:32]} 32. Ng5+ {[%clk 0:30:50]} 1-0

[Event "MP do lat 18 - dziewczeta"]
[Site "Sypniewo"]
[Date "2022.03.26"]
[Round "8.11"]
[White "Jedrzejko, Martyna"]
[Black "Anyz, Monika"]
[Result "1/2-1/2"]
[BlackElo "1651"]
[WhiteElo "1517"]
[LiveChessVersion "1.4.8"]

1. e4 {[%clk 1:30:57]} c5 {[%clk 1:30:55]} 2. Nf3 {[%clk 1:31:17]} Nc6
{[%clk 1:31:18]} 3. d4 {[%clk 1:31:38]} cxd4 {[%clk 1:31:44]} 4. Nxd4
{[%clk 1:31:58]} g6 {[%clk 1:32:08]} 5. c4 {[%clk 1:32:14]} Nf6 {[%clk 1:32:31]}
6. Nc3 {[%clk 1:32:27]} Bg7 {[%clk 1:32:55]} 7. Be3 {[%clk 1:32:32]} Ng4
{[%clk 1:33:03]} 8. Qxg4 {[%clk 1:32:23]} Nxd4 {[%clk 1:33:21]} 9. Qd1
{[%clk 1:32:19]} Ne6 {[%clk 1:33:42]} 10. Be2 {[%clk 1:25:31]} Bxc3+
{[%clk 1:32:18]} 11. bxc3 {[%clk 1:25:48]} Qa5 {[%clk 1:32:04]} 12. Qd2
{[%clk 1:19:28]} d6 {[%clk 1:31:05]} 13. O-O {[%clk 1:16:52]} Bd7
{[%clk 1:29:27]} 14. f4 {[%clk 0:56:25]} Bc6 {[%clk 1:27:58]} 15. f5
{[%clk 0:38:16]} Nc5 {[%clk 1:27:28]} 16. Qd4 {[%clk 0:35:04]} f6
{[%clk 1:26:26]} 17. Bf3 {[%clk 0:31:12]} gxf5 {[%clk 1:19:03]} 18. exf5
{[%clk 0:31:29]} Bxf3 {[%clk 1:18:40]} 19. gxf3 {[%clk 0:21:14]} Na4
{[%clk 1:13:13]} 20. Rac1 Qxf5 {[%clk 1:09:24]} 21. Qd5 {[%clk 0:17:15]} Qxd5
{[%clk 1:04:07]} 22. cxd5 {[%clk 0:17:40]} Nc5 {[%clk 1:04:04]} 23. Bxc5
{[%clk 0:13:58]} dxc5 {[%clk 1:04:28]} 24. c4 {[%clk 0:14:16]} Kd7
{[%clk 1:04:46]} 25. Kf2 {[%clk 0:11:01]} Rhg8 {[%clk 1:04:48]} 26. Rg1
{[%clk 0:09:02]} Rg6 {[%clk 1:04:14]} 27. Rg3 {[%clk 0:08:23]} Rag8
{[%clk 1:04:04]} 28. Rb1 {[%clk 0:06:49]} b6 {[%clk 1:04:00]} 29. a4
{[%clk 0:07:09]} Kc7 {[%clk 1:02:41]} 30. Re1 {[%clk 0:04:12]} Re8
{[%clk 0:54:47]} 31. Re6 {[%clk 0:03:57]} Rh6 {[%clk 0:48:12]} 32. Kg2
{[%clk 0:02:50]} Rh4 {[%clk 0:42:48]} 33. Rg4 {[%clk 0:02:35]} Rxg4+
{[%clk 0:41:40]} 34. fxg4 {[%clk 0:03:03]} Kd7 {[%clk 0:41:59]} 35. Kf3
{[%clk 0:02:49]} Rg8 {[%clk 0:41:25]} 36. h4 {[%clk 0:01:42]} h6 {[%clk 0:36:22]}
37. Kf4 {[%clk 0:01:55]} Rg7 {[%clk 0:34:58]} 38. Rc6 {[%clk 0:01:12]} Rg8
{[%clk 0:23:34]} 39. Kf5 {[%clk 0:01:15]} Rb8 {[%clk 0:08:05]} 40. Kg6
{[%clk 0:31:21]} Rg8+ {[%clk 0:37:28]} 41. Kf5 {[%clk 0:31:30]} Rb8
{[%clk 0:37:24]} 42. Ke4 1/2-1/2

[Event "MP do lat 18 - dziewczeta"]
[Site "Sypniewo"]
[Date "2022.03.26"]
[Round "8.12"]
[White "Krzyzosiak, Marta"]
[Black "Reszka, Zofia"]
[Result "1-0"]
[BlackElo "1328"]
[WhiteElo "1698"]
[LiveChessVersion "1.4.8"]

1. e4 {[%clk 1:30:58]} c5 {[%clk 1:30:52]} 2. Nf3 {[%clk 1:31:21]} e6
{[%clk 1:31:14]} 3. d3 {[%clk 1:31:47]} Nc6 {[%clk 1:31:20]} 4. g3
{[%clk 1:32:07]} d6 {[%clk 1:31:15]} 5. Bg2 {[%clk 1:32:22]} Nf6 {[%clk 1:31:15]}
6. O-O {[%clk 1:32:35]} Be7 {[%clk 1:31:10]} 7. c3 {[%clk 1:31:44]} O-O
{[%clk 1:30:29]} 8. Nbd2 {[%clk 1:31:19]} b6 {[%clk 1:27:24]} 9. e5
{[%clk 1:24:52]} Nd7 {[%clk 1:23:55]} 10. exd6 {[%clk 1:24:28]} Bxd6
{[%clk 1:23:14]} 11. Nc4 {[%clk 1:24:06]} Qe7 {[%clk 1:18:37]} 12. Nxd6
{[%clk 1:19:51]} Qxd6 {[%clk 1:18:46]} 13. d4 {[%clk 1:18:02]} Bb7
{[%clk 1:16:31]} 14. Bf4 {[%clk 1:15:36]} Qe7 {[%clk 1:15:43]} 15. dxc5
{[%clk 1:15:33]} Nxc5 {[%clk 1:15:08]} 16. Bd6 {[%clk 1:15:36]} Qf6
{[%clk 1:08:17]} 17. Bxf8 {[%clk 1:15:20]} Rxf8 {[%clk 1:08:27]} 18. Qc2
{[%clk 1:06:19]} g6 {[%clk 1:05:28]} 19. Rad1 {[%clk 1:05:13]} Ne7
{[%clk 1:02:44]} 20. Nd2 {[%clk 0:59:56]} Nd5 {[%clk 0:57:20]} 21. c4
{[%clk 0:53:36]} Nb4 {[%clk 0:55:27]} 22. Qc3 {[%clk 0:53:48]} Qxc3
{[%clk 0:54:23]} 23. bxc3 {[%clk 0:53:49]} Bxg2 {[%clk 0:54:11]} 24. Kxg2
{[%clk 0:54:11]} Nxa2 {[%clk 0:54:32]} 25. Ra1 {[%clk 0:43:28]} Nxc3
{[%clk 0:54:49]} 26. Rxa7 {[%clk 0:43:31]} Rd8 {[%clk 0:53:36]} 27. Nf3
{[%clk 0:43:06]} N5e4 {[%clk 0:47:25]} 28. Rb7 {[%clk 0:40:20]} Rc8
{[%clk 0:46:53]} 29. Rxb6 {[%clk 0:27:10]} Rxc4 {[%clk 0:47:08]} 30. Rb7
{[%clk 0:27:37]} Ra4 {[%clk 0:46:19]} 31. Ne5 {[%clk 0:24:10]} f6
{[%clk 0:45:39]} 32. Nf7 {[%clk 0:22:22]} Ra2 {[%clk 0:42:41]} 33. Nh6+
{[%clk 0:21:01]} Kh8 {[%clk 0:42:31]} 34. Ng4 {[%clk 0:18:31]} h5
{[%clk 0:39:06]} 35. Ne3 {[%clk 0:16:35]} Kg8 {[%clk 0:36:57]} 36. Rd7
{[%clk 0:11:01]} Kf8 {[%clk 0:35:46]} 37. Nd1 {[%clk 0:09:34]} Nxd1
{[%clk 0:35:46]} 38. Rdxd1 {[%clk 0:10:00]} Ke7 {[%clk 0:35:34]} 39. Ra1
{[%clk 0:09:56]} Rc2 {[%clk 0:34:48]} 40. Ra7+ {[%clk 0:38:13]} Kd6
{[%clk 1:03:52]} 41. Rg7 {[%clk 0:33:27]} g5 {[%clk 1:03:54]} 42. Rh7
{[%clk 0:28:49]} Ke5 {[%clk 1:02:55]} 43. Rxh5 {[%clk 0:24:02]} Kf5
{[%clk 1:01:34]} 44. Rh6 {[%clk 0:15:23]} Nd2 {[%clk 1:00:03]} 45. Re1
{[%clk 0:13:30]} Ne4 {[%clk 0:57:47]} 46. g4+ {[%clk 0:12:29]} Kf4
{[%clk 0:56:48]} 47. Rxe4+ {[%clk 0:11:34]} Kxe4 {[%clk 0:57:07]} 48. Rxf6
{[%clk 0:12:01]} Ke5 {[%clk 0:57:18]} 49. Rg6 {[%clk 0:09:54]} Kf4
{[%clk 0:57:25]} 50. h3 {[%clk 0:10:15]} Rc6 {[%clk 0:57:05]} 51. Rf6+
{[%clk 0:10:41]} Ke5 {[%clk 0:56:01]} 52. Rf7 {[%clk 0:11:00]} Rc2
{[%clk 0:55:06]} 53. h4 {[%clk 0:10:42]} gxh4 {[%clk 0:54:37]} 54. Kh3
{[%clk 0:11:10]} Rc1 {[%clk 0:54:14]} 55. Kxh4 {[%clk 0:11:31]} Rh1+
{[%clk 0:54:33]} 56. Kg5 {[%clk 0:10:30]} Rf1 {[%clk 0:53:51]} 57. Kg6
{[%clk 0:10:25]} Rg1 {[%clk 0:53:20]} 58. g5 {[%clk 0:10:51]} Rf1
{[%clk 0:53:26]} 59. Kg7 {[%clk 0:11:11]} Kd6 {[%clk 0:52:58]} 60. g6
{[%clk 0:11:15]} Rg1 {[%clk 0:51:45]} 61. Kh7 {[%clk 0:11:25]} e5
{[%clk 0:50:11]} 62. g7 {[%clk 0:10:44]} Ke6 {[%clk 0:48:44]} 63. g8=Q
{[%clk 0:10:45]} Rh1+ {[%clk 0:48:52]} 64. Kg7 {[%clk 0:11:05]} Rg1+
{[%clk 0:48:57]} 65. Kh8 {[%clk 0:11:06]} Rxg8+ {[%clk 0:48:51]} 66. Kxg8
{[%clk 0:11:32]} 1-0

[Event "MP do lat 18 - dziewczeta"]
[Site "Sypniewo"]
[Date "2022.03.26"]
[Round "8.13"]
[White "Libura, Julianna"]
[Black "Zniszczol, Wiktoria"]
[Result "1/2-1/2"]
[BlackElo "1613"]
[WhiteElo "1590"]
[LiveChessVersion "1.4.8"]

1. e4 {[%clk 1:30:57]} c5 {[%clk 1:28:00]} 2. f4 {[%clk 1:30:34]} e6
{[%clk 1:27:49]} 3. Nf3 {[%clk 1:30:23]} a6 {[%clk 1:27:25]} 4. d3
{[%clk 1:28:05]} b6 {[%clk 1:21:05]} 5. Be2 {[%clk 1:25:10]} Bb7 {[%clk 1:21:26]}
6. O-O {[%clk 1:24:15]} Nc6 {[%clk 1:17:24]} 7. c3 {[%clk 1:09:18]} d5
{[%clk 1:14:24]} 8. Nbd2 {[%clk 1:04:03]} Nf6 {[%clk 1:13:40]} 9. e5
{[%clk 0:54:34]} Ng4 {[%clk 1:09:22]} 10. Nb3 {[%clk 0:53:48]} Nh6
{[%clk 0:54:51]} 11. Be3 {[%clk 0:43:45]} Nf5 {[%clk 0:53:31]} 12. Bf2
{[%clk 0:43:40]} h5 {[%clk 0:49:42]} 13. d4 {[%clk 0:41:44]} c4 {[%clk 0:37:41]}
14. Nbd2 {[%clk 0:38:18]} Be7 {[%clk 0:36:54]} 15. Kh1 {[%clk 0:31:52]} g6
{[%clk 0:23:39]} 16. Rg1 {[%clk 0:29:18]} b5 {[%clk 0:20:20]} 17. a3
{[%clk 0:29:02]} Kd7 {[%clk 0:18:16]} 18. a4 {[%clk 0:25:17]} b4 {[%clk 0:18:05]}
19. b3 {[%clk 0:22:54]} bxc3 {[%clk 0:16:10]} 20. Nb1 {[%clk 0:23:16]} cxb3
{[%clk 0:14:52]} 21. Qxb3 {[%clk 0:22:15]} Na5 {[%clk 0:14:10]} 22. Qxc3
{[%clk 0:22:08]} Rc8 {[%clk 0:14:27]} 23. Qb2 {[%clk 0:21:12]} Qc7
{[%clk 0:13:44]} 24. Bd3 {[%clk 0:18:54]} Nc4 {[%clk 0:11:56]} 25. Qe2
{[%clk 0:18:14]} Qb6 {[%clk 0:06:52]} 26. Bxc4 {[%clk 0:11:55]} Rxc4
{[%clk 0:06:26]} 27. Nbd2 {[%clk 0:11:34]} Rb4 {[%clk 0:06:48]} 28. a5
{[%clk 0:10:36]} Qb5 {[%clk 0:06:25]} 29. Qxb5+ {[%clk 0:10:10]} Rxb5
{[%clk 0:06:51]} 30. Rgb1 {[%clk 0:09:51]} Bc6 {[%clk 0:07:05]} 31. Rxb5
{[%clk 0:09:52]} Bxb5 {[%clk 0:07:30]} 32. Nb3 {[%clk 0:09:05]} Bb4
{[%clk 0:06:51]} 33. Be1 {[%clk 0:09:07]} Be7 {[%clk 0:06:22]} 34. Nc5+
{[%clk 0:08:01]} Kc6 {[%clk 0:05:19]} 35. Rc1 {[%clk 0:06:56]} Bxc5
{[%clk 0:05:37]} 36. Rxc5+ {[%clk 0:06:38]} 1/2-1/2

[Event "MP do lat 18 - dziewczeta"]
[Site "Sypniewo"]
[Date "2022.03.26"]
[Round "8.14"]
[White "Wawrzyniak, Weronika"]
[Black "Kudlak, Julia"]
[Result "1-0"]
[BlackElo "1579"]
[WhiteElo "1493"]
[LiveChessVersion "1.4.8"]

1. e4 {[%clk 1:30:53]} c5 {[%clk 1:30:54]} 2. Nf3 {[%clk 1:31:11]} d6
{[%clk 1:31:18]} 3. d4 {[%clk 1:31:10]} cxd4 {[%clk 1:31:46]} 4. Nxd4
{[%clk 1:31:32]} Nf6 {[%clk 1:32:08]} 5. Nc3 {[%clk 1:31:35]} a6 {[%clk 1:32:23]}
6. Bg5 {[%clk 1:30:08]} e6 {[%clk 1:31:32]} 7. f4 {[%clk 1:30:16]} h6
{[%clk 1:31:10]} 8. Bh4 {[%clk 1:29:19]} Qb6 {[%clk 1:30:11]} 9. Qd2
{[%clk 1:23:43]} Qxb2 {[%clk 1:27:13]} 10. Rb1 {[%clk 1:21:52]} Qa3
{[%clk 1:27:30]} 11. Bxf6 {[%clk 1:16:11]} gxf6 {[%clk 1:26:48]} 12. Bc4
{[%clk 1:12:12]} Qc5 {[%clk 1:13:59]} 13. Bb3 {[%clk 1:09:29]} Nc6
{[%clk 1:05:13]} 14. Nxc6 {[%clk 0:53:59]} bxc6 {[%clk 0:55:58]} 15. Na4 Qa7
{[%clk 0:45:58]} 16. c4 {[%clk 0:48:47]} Rb8 {[%clk 0:39:06]} 17. Ke2
{[%clk 0:37:49]} Rg8 {[%clk 0:36:35]} 18. g3 {[%clk 0:32:55]} h5 {[%clk 0:30:19]}
19. Kf3 {[%clk 0:26:20]} d5 {[%clk 0:24:26]} 20. exd5 {[%clk 0:23:37]} cxd5
{[%clk 0:21:12]} 21. cxd5 {[%clk 0:22:14]} e5 {[%clk 0:19:46]} 22. fxe5
{[%clk 0:18:03]} fxe5 {[%clk 0:18:03]} 23. Rhe1 {[%clk 0:16:34]} Bd6
{[%clk 0:15:52]} 24. Qe3 {[%clk 0:12:08]} Qd7 {[%clk 0:14:19]} 25. Nc5
{[%clk 0:07:34]} Qg4+ {[%clk 0:13:33]} 26. Kf2 {[%clk 0:07:31]} Ke7
{[%clk 0:09:37]} 27. Ne4 {[%clk 0:06:53]} f6 {[%clk 0:08:42]} 28. Rbc1
{[%clk 0:06:41]} Qh3 {[%clk 0:06:50]} 29. Rh1 {[%clk 0:06:08]} Qf5+
{[%clk 0:04:15]} 30. Kg2 {[%clk 0:04:58]} Qh3+ {[%clk 0:04:01]} 31. Kf2
{[%clk 0:05:20]} Qf5+ {[%clk 0:04:08]} 32. Qf3 {[%clk 0:05:04]} Qxf3+
{[%clk 0:02:33]} 33. Kxf3 {[%clk 0:05:33]} Bg4+ {[%clk 0:02:41]} 34. Kf2
{[%clk 0:05:46]} Rgd8 {[%clk 0:02:35]} 35. Nxd6 {[%clk 0:05:46]} Rxd6
{[%clk 0:02:48]} 36. Rc7+ {[%clk 0:06:10]} Rd7 {[%clk 0:02:45]} 37. Rhc1
{[%clk 0:05:48]} Rb6 {[%clk 0:01:56]} 38. Ke3 {[%clk 0:03:22]} Kd6
{[%clk 0:01:47]} 39. R7c6+ {[%clk 0:03:39]} Rxc6 {[%clk 0:01:42]} 40. Rxc6+
{[%clk 0:34:07]} Ke7 {[%clk 0:31:52]} 41. Rxa6 {[%clk 0:33:59]} Rd6
{[%clk 0:19:30]} 42. Ra7+ {[%clk 0:28:02]} Rd7 {[%clk 0:16:58]} 43. Ra5
{[%clk 0:15:20]} Rc7 {[%clk 0:16:22]} 44. Kd2 {[%clk 0:15:45]} Bf5
{[%clk 0:10:19]} 45. Rb5 {[%clk 0:14:31]} Be4 {[%clk 0:08:41]} 46. a4
{[%clk 0:13:39]} Bg2 {[%clk 0:08:03]} 47. a5 {[%clk 0:07:25]} Ra7
{[%clk 0:07:08]} 48. Kc3 {[%clk 0:05:59]} Bf1 {[%clk 0:06:47]} 49. Rc5
{[%clk 0:06:18]} e4 {[%clk 0:05:24]} 50. Kd4 {[%clk 0:06:40]} Bd3
{[%clk 0:02:14]} 51. Bc4 {[%clk 0:05:37]} Bxc4 {[%clk 0:01:50]} 52. Rxc4
{[%clk 0:06:06]} Rxa5 {[%clk 0:01:40]} 53. Kxe4 {[%clk 0:06:32]} Ra2
{[%clk 0:01:13]} 54. h4 {[%clk 0:06:52]} Rf2 {[%clk 0:00:40]} 55. Rc7+
{[%clk 0:05:33]} Kd6 {[%clk 0:00:46]} 56. Rc6+ {[%clk 0:05:57]} Ke7
{[%clk 0:01:10]} 57. Rc3 {[%clk 0:06:00]} Kd6 {[%clk 0:01:19]} 58. Rd3
{[%clk 0:04:00]} f5+ {[%clk 0:01:04]} 59. Ke3 {[%clk 0:04:23]} Rf1
{[%clk 0:01:03]} 60. Ke2 {[%clk 0:04:32]} Ra1 {[%clk 0:01:07]} 61. Kf2
{[%clk 0:03:44]} Rb1 {[%clk 0:01:08]} 62. Kf3 {[%clk 0:03:26]} Rf1+
{[%clk 0:01:30]} 63. Ke3 {[%clk 0:03:21]} Ke5 {[%clk 0:00:35]} 64. d6
{[%clk 0:03:46]} Rg1 {[%clk 0:00:34]} 65. Kf2 {[%clk 0:03:40]} Ra1
{[%clk 0:00:33]} 66. d7 {[%clk 0:04:06]} Ke4 {[%clk 0:00:33]} 67. Re3+ 1-0

[Event "MP do lat 18 - dziewczeta"]
[Site "Sypniewo"]
[Date "2022.03.26"]
[Round "8.15"]
[White "Mytnik, Kinga"]
[Black "Krzyzosiak, Anna"]
[Result "1/2-1/2"]
[BlackElo "1489"]
[WhiteElo "1438"]
[LiveChessVersion "1.4.8"]

1. e4 {[%clk 1:30:58]} c5 {[%clk 1:30:55]} 2. d3 {[%clk 1:31:12]} Nc6
{[%clk 1:31:12]} 3. Nf3 {[%clk 1:31:20]} g6 {[%clk 1:29:46]} 4. g3
{[%clk 1:31:28]} Bg7 {[%clk 1:28:01]} 5. Bg2 {[%clk 1:31:06]} d6 {[%clk 1:27:04]}
6. O-O {[%clk 1:30:24]} e6 {[%clk 1:25:06]} 7. Re1 {[%clk 1:29:18]} Nge7
{[%clk 1:23:40]} 8. c3 {[%clk 1:28:36]} O-O {[%clk 1:21:08]} 9. Na3
{[%clk 1:24:53]} Rb8 {[%clk 1:17:23]} 10. d4 {[%clk 1:19:51]} cxd4
{[%clk 1:03:38]} 11. cxd4 {[%clk 1:17:02]} b5 {[%clk 1:00:19]} 12. Bg5
{[%clk 1:15:05]} Qb6 {[%clk 0:44:27]} 13. Qd2 {[%clk 1:07:25]} d5
{[%clk 0:38:53]} 14. e5 {[%clk 1:05:45]} Nf5 {[%clk 0:37:44]} 15. Nc2
{[%clk 1:04:51]} b4 {[%clk 0:32:14]} 16. g4 {[%clk 0:59:12]} Nfe7
{[%clk 0:30:56]} 17. b3 {[%clk 0:58:11]} a5 {[%clk 0:29:10]} 18. Bh6
{[%clk 0:56:35]} f6 {[%clk 0:20:30]} 19. exf6 {[%clk 0:24:48]} Rxf6
{[%clk 0:19:39]} 20. Bxg7 {[%clk 0:24:24]} Kxg7 {[%clk 0:19:19]} 21. Re3
{[%clk 0:23:10]} Bd7 {[%clk 0:15:51]} 22. Rae1 {[%clk 0:21:57]} Rbf8
{[%clk 0:13:30]} 23. R1e2 {[%clk 0:18:31]} Rf4 {[%clk 0:07:44]} 24. h3
{[%clk 0:13:19]} Nc8 {[%clk 0:06:14]} 25. Ne5 {[%clk 0:08:18]} Nxe5
{[%clk 0:04:42]} 26. Rxe5 {[%clk 0:08:20]} Na7 {[%clk 0:04:17]} 27. f3
{[%clk 0:05:52]} Nc6 {[%clk 0:04:11]} 28. R5e3 {[%clk 0:03:03]} Nxd4
{[%clk 0:04:14]} 29. Nxd4 {[%clk 0:03:08]} Qxd4 {[%clk 0:03:42]} 30. Qxd4+
{[%clk 0:03:24]} Rxd4 {[%clk 0:04:06]} 31. Rc2 {[%clk 0:03:44]} Rc8
{[%clk 0:04:13]} 32. Ree2 {[%clk 0:04:08]} Rd3 {[%clk 0:04:06]} 33. Kf2
{[%clk 0:02:31]} Rdc3 {[%clk 0:03:47]} 34. Rcd2 {[%clk 0:02:47]} Kf7
{[%clk 0:03:35]} 35. h4 {[%clk 0:02:16]} Bb5 {[%clk 0:03:19]} 36. Re1
{[%clk 0:02:40]} Rc2 {[%clk 0:03:30]} 37. Red1 {[%clk 0:03:05]} d4
{[%clk 0:03:36]} 38. Kg3 {[%clk 0:02:56]} d3 {[%clk 0:03:19]} 39. Bf1
{[%clk 0:02:02]} Rxd2 {[%clk 0:03:34]} 40. Rxd2 {[%clk 0:32:29]} Rc2
{[%clk 0:33:50]} 41. Rd1 {[%clk 0:32:53]} Rxa2 {[%clk 0:33:42]} 42. Bxd3
{[%clk 0:33:08]} Bxd3 {[%clk 0:34:06]} 43. Rxd3 {[%clk 0:33:36]} Ra3
{[%clk 0:31:02]} 44. Rd7+ {[%clk 0:30:39]} Kg8 {[%clk 0:28:57]} 45. Ra7
{[%clk 0:30:07]} h6 {[%clk 0:27:17]} 46. g5 {[%clk 0:27:35]} hxg5
{[%clk 0:27:25]} 47. hxg5 {[%clk 0:28:01]} e5 {[%clk 0:27:13]} 48. Kf2
{[%clk 0:26:25]} a4 {[%clk 0:25:33]} 49. bxa4 {[%clk 0:26:08]} b3
{[%clk 0:25:54]} 50. Rb7 {[%clk 0:26:16]} Rxa4 {[%clk 0:25:45]} 51. Rxb3
{[%clk 0:26:36]} 1/2-1/2